Reimbursing the future : (Registro nro. 362)

Detalles MARC
000 -CABECERA
Campo de control 01479nam a2200349 a 4500
005 - FECHA Y HORA DE LA ULTIMA TRANSACCION
Campo de control 20160906102200.0
008 - ELEMENTOS DE LONGITUD FIJA—INFORMACION GENERAL
Campo de control 140220b1996 mx |||||r|||| 00| 0 eng d
020 ## - ISBN
ISBN 0642244294
040 ## - FUENTE DE CATALOGACIÓN
Agencia catalogadora original CO-BoIAVH
Agencia transcriptora CO-BoIAVH
041 0# - IDIOMA
Código de idioma para texto/pista de sonido o título separado Inglés
044 ## - PAÍS DE PUBLICACIÓN
País de publicación México
082 04 - NUMERO DE CLASIFICACION DECIMAL DEWEY
Número de clasificación 333.9516
Número del ítem Y68r
100 1# - ASIENTO PRINCIPAL--NOMBRE PERSONAL
Nombre personal Young, M.D.
Término relacionado autor
9 (RLIN) 7481
245 10 - MENCION DE TITULO
Título Reimbursing the future :
Parte restante del título an evaluation of motivational, voluntary, price-based, property-right and regulatory incentives for the conservation of biodiversity
Mención de responsabilidad M. D. Young [y otros 6]
260 ## - PUBLICACION, DISTRIBUCION, ETC. (PIE DE IMPRENTA)
Lugar de publicación, distribución, etc. México :
Nombre del editor, distribuidor, etc. Commonwealth of Australia,
Fecha de publicación, distribución, etc. 1996.
300 ## - DESCRIPCION FISICA
Extensión 2 volúmenes ;
Dimensiones 30 cm.
490 0# - MENCION DE SERIE
Mención de serie Biodiversity series ;
Designación numérica/secuencial del volumen Paper No. 9
505 0# - NOTA DE CONTENIDO
Nota de contenido Vol. 1: A report to the biodiversity unit of the departament of the environment, spot and territories
505 0# - NOTA DE CONTENIDO
Nota de contenido Vol. 2: Part 2-appendicess
650 26 - ASIENTO SECUNDARIO DE MATERIA - TERMINO TEMATICO
Término temático o nombre geográfico como elemento de entrada Conservación de la diversidad biológica
Subdivisión geográfica Australia
9 (RLIN) 75854
650 26 - ASIENTO SECUNDARIO DE MATERIA - TERMINO TEMATICO
Término temático o nombre geográfico como elemento de entrada Política ambiental
Subdivisión geográfica Australia
9 (RLIN) 75855
650 26 - ASIENTO SECUNDARIO DE MATERIA - TERMINO TEMATICO
Término temático o nombre geográfico como elemento de entrada Conservación de la diversidad biológica
Subdivisión general Incentivos
Subdivisión geográfica Australia
9 (RLIN) 75856
650 26 - ASIENTO SECUNDARIO DE MATERIA - TERMINO TEMATICO
Término temático o nombre geográfico como elemento de entrada Conservación de la diversidad biológica
Subdivisión de forma Estudios de caso
Subdivisión geográfica Australia
9 (RLIN) 75857
650 26 - ASIENTO SECUNDARIO DE MATERIA - TERMINO TEMATICO
Término temático o nombre geográfico como elemento de entrada Conservación de la naturaleza
Subdivisión geográfica Australia
9 (RLIN) 75858
700 1# - ASIENTO SECUNDARIO - NOMBRE PERSONAL
Nombre personal Gunnigham, N.
Término de relación autor
9 (RLIN) 75859
700 1# - ASIENTO SECUNDARIO - NOMBRE PERSONAL
Nombre personal Elix, J.
Término de relación autor
9 (RLIN) 75860
700 1# - ASIENTO SECUNDARIO - NOMBRE PERSONAL
Nombre personal Lambert, J.
Término de relación autor
9 (RLIN) 75861
700 1# - ASIENTO SECUNDARIO - NOMBRE PERSONAL
Nombre personal Howard, B.
Término de relación autor
9 (RLIN) 75862
700 1# - ASIENTO SECUNDARIO - NOMBRE PERSONAL
Nombre personal Grabosky, P.
Término de relación autor
9 (RLIN) 75863
700 1# - ASIENTO SECUNDARIO - NOMBRE PERSONAL
Nombre personal McCrone, E.
Término de relación autor
9 (RLIN) 75864
942 ## - ELEMENTOS ADICIONALES (KOHA)
Tipo de ítem Libro
Sistema de clasificación Dewey Decimal Classification
Existencias
Withdrawn status Lost status Sistema de Clasificación Damaged status No para préstamo Colección Inventariado Ubicación Permanente Ubicación actual Fecha de adquisición Fuente de Valor Valor Total Checkouts Número topográfico Inventario / Código de Barras Date last seen Ejemplar Price effective from Forma de adquisición Tipo de material
    Dewey Decimal Classification     General Inventariado 2017 Sala Fabio Quevedo Sala Fabio Quevedo 01/02/1998 Instituto 39000.00   LB-333.9516 Y68r 000506 04/12/2012 V. 1 Ej. 1 04/12/2012 Donación Libro
    Dewey Decimal Classification     General Inventariado 2017 Sala Fabio Quevedo Sala Fabio Quevedo 01/02/1998 Instituto 39000.00   LB-333.9516 Y68r 000507 04/12/2012 V. 2 Ej. 1 04/12/2012 Donación Libro